Transfer duševného vlastníctva prostredníctvom licenčných zmlúv a iných transferových inštrumentov II. zborník vedeckých statí

Salvato in:
Dettagli Bibliografici
Ente Autore: Fakulta podnikového manažmentu EU. Katedra podnikovohospodárska
Altri autori: Jakubec, Miroslav, Šagátová, Slavka, 1975-, Uhliar, Miroslav, 1981-, Kovalev, Andrej, Vážan, Marek
Natura: Libro
Lingua:slovacco
Pubblicazione: Bratislava Vydavateľstvo EKONÓM 2016
Edizione:1. vyd.
Soggetti:
Tags: Aggiungi Tag
Nessun Tag, puoi essere il primo ad aggiungerne!!

MARC

LEADER 00000nlm a2200000 4500
001 0228807
005 20240527082334.8
020 |a 978-80-225-4346-0 
041 0 |a slo 
044 |a SK 
245 1 0 |a Transfer duševného vlastníctva prostredníctvom licenčných zmlúv a iných transferových inštrumentov II.  |b zborník vedeckých statí  |c Peter Kardoš a kolektív, redakčné práce: Miroslav Jakubec, Slávka Šagátová, Miroslav Uhliar ; vedeckí recenzenti: Andrej Kovalev, Marek Vážan 
250 |a 1. vyd. 
264 1 |a Bratislava  |b Vydavateľstvo EKONÓM  |c 2016 
300 |a CD-ROM [79 s., 3,4 AH] 
610 2 0 |a vlastníctvo duševné 
610 2 0 |a zmluvy licenčné 
610 2 0 |a patenty 
610 2 0 |a poplatky 
610 2 0 |a odmeňovanie 
610 2 0 |a zamestnanci 
610 2 0 |a inovácia 
610 2 0 |a spin-off firmy 
610 2 0 |a vzdelávanie duálne 
700 1 |a Jakubec, Miroslav 
700 1 |a Šagátová, Slavka, 1975- 
700 1 |a Uhliar, Miroslav, 1981- 
700 1 |a Kovalev, Andrej 
700 1 |a Vážan, Marek 
710 2 |a Fakulta podnikového manažmentu EU. Katedra podnikovohospodárska